00679 2200253 4500001002100000005001500021035002000036008004100056040001700097082001400114084001600128245005600144260003800200300003800238650001300276650001500289850001200304500003000316090001800346041000800364100001900372250001600391990001800407INLIS00000000084341320181220022323 a0010-1218000460181220 f 0 dut  aYOPDYOGbind04223a370.1 a370.1 GUN v10aVerzamelde paedagogische opstellen /cJ. H. Gunning2 aAmsterdam :bS.L. van Looy,c1911 a270 halaman :bilustrasi ;c23 cm 4aPedagogi 4aPendidikan aYOPDYOG aTeks dalam bahasa Belanda aL 370.1 GUN v0 adut1 aGunning, J. H. aTweede druk a61336-PD/A.18